| 000 | 00494nam a22001577a 4500 | ||
|---|---|---|---|
| 020 | _qHard Cover. | ||
| 082 | _a004 | ||
| 100 | _aHafeez, Saadia | ||
| 245 |
_aBuilding a biomedical ontology on breast cancer / _cSaadia Hafeez. |
||
| 260 |
_aIslamabad: _bCEME - NUST, _c2015. |
||
| 300 |
_a197 p. : _bill. ; _c30cm. |
||
| 650 |
_aComputer Software Engineering MS-Thesis. _916105 |
||
| 700 |
_aDr. Usman Qamar _918579 |
||
| 942 |
_2ddc _cTHE |
||
| 999 |
_c540687 _d540687 |
||